El Día de la vivienda
Guardado en:
| Hovedforfatter: | |
|---|---|
| Institution som forfatter: | |
| Format: | Texto |
| Udgivet: |
San José:
Arias Sánchez,
OscarCosta Rica. Presidencia de la República
|
| Tags: |
Tilføj Tag
Ingen Tags, Vær først til at tagge denne postø!
|
MARC
| LEADER | 00000 a a2200000 04500 | ||
|---|---|---|---|
| 001 | 21797 | ||
| 003 | |||
| 040 | |||
| 090 | |a 097700 | ||
| 100 | |a Arias Sánchez, Oscar | ||
| 110 | |a Costa Rica. Presidencia de la República | ||
| 245 | |a El Día de la vivienda | ||
| 260 | |a San José: |b Arias Sánchez, |c OscarCosta Rica. Presidencia de la República | ||
| 300 | |a 8 p. | ||
| 999 | |c 16188 |d 16188 | ||
